Antenna and wave propagation (Record no. 194745)
[ view plain ]
| 000 -LEADER | |
|---|---|
| fixed length control field | 01132 a2200169 4500 |
| 003 - CONTROL NUMBER IDENTIFIER | |
| control field | Nust |
| 005 - DATE AND TIME OF LATEST TRANSACTION | |
| control field | 20250923082435.0 |
| 040 ## - CATALOGING SOURCE | |
| Transcribing agency | Nust |
| 082 ## - DEWEY DECIMAL CLASSIFICATION NUMBER | |
| Classification number | 621.3824 |
| 100 ## - MAIN ENTRY--PERSONAL NAME | |
| Personal name | Sinha, Umesh |
| 9 (RLIN) | 102370 |
| 245 ## - TITLE STATEMENT | |
| Title | Antenna and wave propagation |
| Statement of responsibility, etc. | Sinha Umesh |
| 260 ## - PUBLICATION, DISTRIBUTION, ETC. | |
| Place of publication, distribution, etc. | New Delhi |
| Name of publisher, distributor, etc. | Satya |
| Date of publication, distribution, etc. | 1989 |
| 300 ## - PHYSICAL DESCRIPTION | |
| Extent | 939 p. |
| 505 ## - FORMATTED CONTENTS NOTE | |
| Formatted contents note | Introduction (Page-1), Vector Analysis (Page-13), Electrostatics (Page-58), Stationary Currents (Page-131), Magnetostatics (Page-166), Electromagnetic Induction (Page-232), Maxwell’s Equations (Page-270), Waveguides And Resonators (Page-317), Transmission Lines And Cables (Page-379), Antennas And Radiation (Page-448), Antenna Parameters (Page-474), Vertical Antennas (Page-510), Antenna Arrays (Page-521), Loop Antenna (Page-552), Microwave Antennas (Page-574), Broadband Antenna (Page-599), Receiving Antennas (Page-621), Antenna Measurements (Page-657), Radio Wave Propagation (Page-731), Ground Wave Propagation (Page-744), Sky Wave Propagation (Page-772), Space Wave Propagation (Page-808), Satellite Communication (Page-861). |
| 650 ## - SUBJECT ADDED ENTRY--TOPICAL TERM | |
| Topical term or geographic name entry element | Telecommunication engineering |
| 942 ## - ADDED ENTRY ELEMENTS (KOHA) | |
| Source of classification or shelving scheme | |
| Koha item type | Book |
| Withdrawn status | Lost status | Source of classification or shelving scheme | Damaged status | Not for loan | Permanent Location | Current Location | Shelving location | Date acquired | Full call number | Barcode | Date last seen | Price effective from | Koha item type | Public note |
|---|---|---|---|---|---|---|---|---|---|---|---|---|---|---|
| Military College of Signals (MCS) | Military College of Signals (MCS) | General Stacks | 12/12/2016 | 621.3824 PRA | MCS36301 | 12/08/2016 | 12/12/2016 | Book | Almirah No.83, Shelf No.3 |
